Kỹ thuật xi mạ và phun phủ

Zapisane w:
Opis bibliograficzny
1. autor: Nguyễn, Việt Trường
Format: Książka
Język:Undetermined
Wydane: Hà Nội Giao thông vận tải 2006
Hasła przedmiotowe:
Etykiety: Dodaj etykietę
Nie ma etykietki, Dołącz pierwszą etykiete!
Thư viện lưu trữ: Trung tâm Học liệu Trường Đại học Cần Thơ
LEADER 00601nam a2200193Ia 4500
001 CTU_104091
008 210402s9999 xx 000 0 und d
020 |c 32000 
082 |a 671.73 
082 |b Tr561 
100 |a Nguyễn, Việt Trường 
245 0 |a Kỹ thuật xi mạ và phun phủ 
245 0 |c Nguyễn Việt Trường 
260 |a Hà Nội 
260 |b Giao thông vận tải 
260 |c 2006 
650 |a Surfaces ( technology ),Finishes and finishing,Coating processes 
904 |i Minh 
980 |a Trung tâm Học liệu Trường Đại học Cần Thơ